Mastering data structures through C Language (Record no. 7819)
[ view plain ]
| 000 -LEADER | |
|---|---|
| fixed length control field | 00340nam a2200133Ia 4500 |
| 008 - FIXED-LENGTH DATA ELEMENTS--GENERAL INFORMATION | |
| fixed length control field | 191201s2011 xx 000 0 und d |
| 082 ## - DEWEY DECIMAL CLASSIFICATION NUMBER | |
| Classification number | 005.73 |
| Item number | DIM |
| 100 ## - MAIN ENTRY--PERSONAL NAME | |
| Personal name | DIXIT, JB |
| 245 #0 - TITLE STATEMENT | |
| Title | Mastering data structures through C Language |
| 250 ## - EDITION STATEMENT | |
| Edition statement | Rep |
| 260 ## - PUBLICATION, DISTRIBUTION, ETC. (IMPRINT) | |
| Date of publication, distribution, etc | 2011 |
| Name of publisher, distributor, etc | Laxmi Publications |
| Place of publication, distribution, etc | NEW DELHI |
| 300 ## - PHYSICAL DESCRIPTION | |
| Extent | 624 |
| 942 ## - ADDED ENTRY ELEMENTS (KOHA) | |
| Source of classification or shelving scheme | Dewey Decimal Classification |
| Koha item type | Text Books |
| 942 ## - ADDED ENTRY ELEMENTS (KOHA) | |
| -- | 6 |
| Withdrawn status | Lost status | Source of classification or shelving scheme | Damaged status | Not for loan | Collection code | Home library | Current library | Date acquired | Source of acquisition | Cost, normal purchase price | Bill Number | Total Checkouts | Full call number | Acc. no. / Barcode | Date last seen | Date last borrowed | Actual Cost, discounted price | Bill Date | Koha item type |
|---|---|---|---|---|---|---|---|---|---|---|---|---|---|---|---|---|---|---|---|
| Dewey Decimal Classification | BCA | PIET C-LIBRARY | PIET C-LIBRARY | 09/04/2012 | IBH, New Delhi | 395.00 | 10249 | 3 | 005.73 DIM | BC305 | 11/10/2023 | 27/09/2023 | 284.40 | 09/04/2012 | Text Books | ||||
| Dewey Decimal Classification | BCA | PIET C-LIBRARY | PIET C-LIBRARY | 09/04/2012 | IBH, New Delhi | 395.00 | 10249 | 005.73 DIM | BC306 | 04/12/2019 | 284.40 | 09/04/2012 | Text Books | ||||||
| Dewey Decimal Classification | BCA | PIET C-LIBRARY | PIET C-LIBRARY | 09/04/2012 | IBH, New Delhi | 395.00 | 10249 | 2 | 005.73 DIM | BC307 | 04/12/2024 | 20/11/2024 | 284.40 | 09/04/2012 | Text Books | ||||
| Dewey Decimal Classification | BCA | PIET C-LIBRARY | PIET C-LIBRARY | 16/09/2013 | IBH, New Delhi | 395.00 | 10939 | 1 | 005.73 DIM | BC689 | 14/07/2022 | 01/07/2022 | 284.40 | 16/09/2013 | Text Books | ||||
| Dewey Decimal Classification | BCA | PIET C-LIBRARY | PIET C-LIBRARY | 16/09/2013 | IBH, New Delhi | 395.00 | 10939 | 005.73 DIM | BC690 | 04/12/2019 | 284.40 | 16/09/2013 | Text Books | ||||||
| Dewey Decimal Classification | BCA | PIET C-LIBRARY | PIET C-LIBRARY | 16/09/2013 | IBH, New Delhi | 395.00 | 10939 | 1 | 005.73 DIM | BC691 | 17/01/2022 | 03/01/2022 | 284.40 | 16/09/2013 | Text Books | ||||
| Dewey Decimal Classification | BCA | PIET C-LIBRARY | PIET C-LIBRARY | 16/09/2013 | IBH, New Delhi | 395.00 | 10939 | 005.73 DIM | BC692 | 04/12/2019 | 284.40 | 16/09/2013 | Text Books | ||||||
| Dewey Decimal Classification | BCA | PIET C-LIBRARY | PIET C-LIBRARY | 16/09/2013 | IBH, New Delhi | 395.00 | 10939 | 005.73 DIM | BC693 | 04/12/2019 | 284.40 | 16/09/2013 | Text Books | ||||||
| Dewey Decimal Classification | BCA | PIET C-LIBRARY | PIET C-LIBRARY | 16/09/2013 | IBH, New Delhi | 395.00 | 10939 | 005.73 DIM | BC694 | 04/12/2019 | 284.40 | 16/09/2013 | Text Books | ||||||
| Dewey Decimal Classification | BCA | PIET C-LIBRARY | PIET C-LIBRARY | 16/09/2013 | IBH, New Delhi | 395.00 | 10939 | 1 | 005.73 DIM | BC695 | 08/11/2021 | 23/10/2021 | 284.40 | 16/09/2013 | Text Books | ||||
| Dewey Decimal Classification | BCA | PIET C-LIBRARY | PIET C-LIBRARY | 16/09/2013 | IBH, New Delhi | 395.00 | 10939 | 1 | 005.73 DIM | BC696 | 14/12/2021 | 02/12/2021 | 284.40 | 16/09/2013 | Text Books |